Leer y escribir en contextos sociales complejos: aproximaciones clínicas
Guardat en:
| Autor principal: | |
|---|---|
| Format: | Llibre |
| Idioma: | espanyol |
| Publicat: |
Buenos Aires
Paidós
1999
|
| Edició: | 1a. ed |
| Col·lecció: | Tramas Sociales, 7
|
| Matèries: | |
| Etiquetes: |
Afegir etiqueta
Sense etiquetes, Sigues el primer a etiquetar aquest registre!
|
MARC
| LEADER | 00000nam a2200000 a 4500 | ||
|---|---|---|---|
| 001 | UCK2758 | ||
| 003 | CL-VaPUC | ||
| 008 | 050318e19990000AG |||||||||||||||||spa|d | ||
| 020 | |a 9501245071 | ||
| 082 | 0 | 4 | |a 401.9 |b SCH |2 21 |
| 100 | 0 | |a Schlemenson, Silvia |e author |9 490727 | |
| 245 | 1 | 0 | |a Leer y escribir en contextos sociales complejos: aproximaciones clínicas |
| 250 | |a 1a. ed | ||
| 300 | |a 149 p | ||
| 942 | |c BK | ||
| 945 | |d 20050318 00:00:00 |a cmena | ||
| 260 | |a Buenos Aires |b Paidós |c 1999 | ||
| 650 | 0 | |a Psicolingüística |9 283371 | |
| 650 | 0 | |a Adquisición del lenguaje |9 309032 | |
| 650 | 0 | |a Educación lingüística |9 306506 | |
| 650 | 0 | |a Desarrollo cognitivo |9 311398 | |
| 650 | 0 | |a Sociolingüística |9 263716 | |
| 650 | 0 | |a Problemas sociales |9 258537 | |
| 583 | |a last modification |c 20050318 00:00:00 |k Rodrigo Vera | ||
| 490 | 0 | |a Tramas Sociales, 7 | |
| 999 | |c 312214 |d 312212 | ||
| 952 | |0 0 |1 0 |4 0 |6 401_900000000000000_SCH_1999 |7 0 |8 A |9 382133 |a FDOPOS |b FDOPOS |d 2019-11-21 |i 4099656 |o 401.9 SCH 1999 |p 4099656 |r 2025-01-22 |w 2019-11-21 |y BK |k MLA | ||
| 952 | |0 0 |1 0 |4 0 |6 401_900000000000000_SCH_1999 |7 0 |8 A |9 382134 |a BIBEDU |b BIBEDU |d 2019-11-21 |i 4658132 |l 1 |o 401.9 SCH 1999 |p 4658132 |r 2022-08-24 |s 2022-08-12 |w 2019-11-21 |y BK |k EDI | ||